Độc học, môi trường và sức khỏe con người
TM tài liệu tham khảo tr. 169-170; Giới thiệu các dạng độc chất và sự phân bố, hấp thu, đào thải của nó lên cơ thể con người; đánh giá độ an toàn và nguy cơ của độc chất cũng như 1 số ảnh hưởng của 1 số chất nguy hại tới sức khỏe con ng...
Sparad:
| Huvudupphovsman: | |
|---|---|
| Materialtyp: | Bok |
| Språk: | Undetermined |
| Publicerad: |
H.
Đại học quốc gia Hà Nội
2008
|
| Ämnen: | |
| Länkar: | http://lrc.tdmu.edu.vn/opac/search/detail.asp?aID=2&ID=3401 |
| Taggar: |
Lägg till en tagg
Inga taggar, Lägg till första taggen!
|
| Thư viện lưu trữ: | Trung tâm Học liệu Trường Đại học Thủ Dầu Một |
|---|
| LEADER | 01204nam a2200205Ia 4500 | ||
|---|---|---|---|
| 001 | TDMU_3401 | ||
| 008 | 210410s9999 xx 000 0 und d | ||
| 082 | |a 615.9 | ||
| 090 | |b T7364 | ||
| 100 | |a Trịnh, Thị Thanh | ||
| 245 | 0 | |a Độc học, môi trường và sức khỏe con người | |
| 245 | 0 | |c Trịnh Thị Thanh | |
| 260 | |a H. | ||
| 260 | |b Đại học quốc gia Hà Nội | ||
| 260 | |c 2008 | ||
| 300 | |a 174tr. | ||
| 520 | |a TM tài liệu tham khảo tr. 169-170; Giới thiệu các dạng độc chất và sự phân bố, hấp thu, đào thải của nó lên cơ thể con người; đánh giá độ an toàn và nguy cơ của độc chất cũng như 1 số ảnh hưởng của 1 số chất nguy hại tới sức khỏe con người.; MT312 Độc học môi trường; MT087 Độc học môi trường | ||
| 650 | |a Độc học môi trường; Độc chất học; Con người |x Ảnh hưởng của môi trường | ||
| 856 | |u http://lrc.tdmu.edu.vn/opac/search/detail.asp?aID=2&ID=3401 | ||
| 980 | |a Trung tâm Học liệu Trường Đại học Thủ Dầu Một | ||